Primár MUDr. František Vlček, CSc., 70-ročný

Bibliographic Details
Main Authors: Urbánek, Tibor, 1923-2019 (Author), Rovenský, Jozef, 1943-2024 (Author)
Format: Article
Language:Slovak
Subjects:

MARC

LEADER 00000nab a2200000 a 4500
001 vtls000493840
003 SK-MaSNL
005 20260304235617.0
008 230223c1993 xo 0 slo
015 |a SNBRB19rr/mm-uuuuu 
035 |a CL0493978 
035 |a urn:nbn:sk:snk-ab6sve 
035 |a (uuid)2e4da47c-e4d6-4780-b39d-b2ba7c3d6d3b 
035 |a (urnnbn)urn:nbn:sk:snk:ar-a05oq3 
035 |a (sysno)vtls000493840 
040 |a SNKBUCL  |b slo  |c SNKBUCL  |e AACR2 
041 0 |a slo 
044 |a xo  |c SK 
080 |a 61-051:616.5  |2 1981 
080 |a 616.5  |2 1981 
080 |a 929 Vlček, František  |2 1981 
100 1 |a Urbánek, Tibor,  |d 1923-2019  |4 aut  |9 182851 
245 1 0 |a Primár MUDr. František Vlček, CSc., 70-ročný  |c Tibor Urbánek, Jozef Rovenský 
600 1 7 |a Vlček, František,  |d 1923-1996  |2 snkbucl  |9 904424 
655 7 |a články z novín a časopisov  |2 snkbucl  |9 267496 
700 1 |a Rovenský, Jozef,  |d 1943-2024  |4 aut  |9 189097 
773 0 |t Rheumatologia  |g Roč. 7, č. 3 (1993), s. 226-227 
850 |a Slovenská národná knižnica v Martine  |a MTA001 
852 |a SNK  |b KIS3GCP 
954 |a odborná, vedecká literatúra pôvodná (slovenská)  |2 lita 
958 |a BX 
958 |a RK 
958 |a ME 
958 |a OND 
958 |a EUIPO 
958 |a article27 
992 |a RBX 
999 |c 3209621  |d 3211551